[Event "Barcelona La Lira op 31st"]
[Site "Barcelona"]
[Date "2013.03.08"]
[Round "8"]
[White "Burgueno Vigil, Francesc Xavier"]
[Black "Martinez Hernandez, Emili"]
[Result "1/2-1/2"]
[WhiteElo "1924"]
[BlackElo "1734"]
[PlyCount "20"]
[EventDate "2013.01.18"]
[EventType "swiss"]
[EventRounds "8"]
[EventCountry "ESP"]
[SourceTitle "EXT 2014"]
[Source "ChessBase"]
[SourceDate "2013.11.20"]
[SourceVersion "1"]
[SourceVersionDate "2013.11.20"]
[SourceQuality "1"]

1. e4 Nc6 2. Nf3 d5 3. exd5 Qxd5 4. Nc3 Qe6+ 5. Qe2 Qxe2+ 6. Bxe2 Bg4 7. a3 f6 8. h3 Bd7 9. 0-0 0-0-0 10. Ne4 Bf5 1/2-1/2

[Event "Barcelona La Lira op 30th"]
[Site "Barcelona"]
[Date "2012.02.24"]
[Round "6"]
[White "Burgueno Vigil, Francesc Xavier"]
[Black "Torras Lemos, Marc"]
[Result "1-0"]
[WhiteElo "1932"]
[BlackElo "1810"]
[PlyCount "89"]
[EventDate "2012.01.20"]
[EventType "swiss"]
[EventRounds "8"]
[EventCountry "ESP"]
[SourceTitle "EXT 2013"]
[Source "ChessBase"]
[SourceDate "2012.11.22"]
[SourceVersion "1"]
[SourceVersionDate "2012.11.22"]
[SourceQuality "1"]

1. e4 e5 2. Bc4 Bc5 3. d3 Nc6 4. Nc3 d6 5. h3 Nge7 6. Nf3 b6 7. Bg5 f6 8. Bh4 g5 9. Bg3 Bb4 10. 0-0 Bxc3 11. bxc3 g4 12. Nh4 h5 13. hxg4 hxg4 14. f3 d5 15. Bb3 Rg8 16. c4 Nd4 17. f4 dxe4 18. dxe4 Bb7 19. Ba4+ Nec6 20. fxe5 fxe5 21. Nf5 Qd7 22. Bxe5 0-0-0 23. Bxd4 g3 24. Bxc6 Qh7 25. Bxb7+ Kxb7 26. Nxg3 Rxg3 27. Rf3 Rdg8 28. Rxg3 Rxg3 29. Bf2 Rc3 30. Qd5+ Ka6 31. Qf5 Qg8 32. Qb5+ Kb7 33. Qd5+ Qxd5 34. cxd5 Rxc2 35. e5 Kc8 36. e6 Kd8 37. Bg3 Rd2 38. Bh4+ Kc8 39. e7 Rxd5 40. Rf1 Re5 41. Rf8+ Kd7 42. Rd8+ Kc6 43. e8Q+ Rxe8 44. Rxe8 Kb5 45. g4 1-0

[Event "Barcelona La Lira op 30th"]
[Site "Barcelona"]
[Date "2012.02.17"]
[Round "5"]
[White "Burgueno Vigil, Francesc Xavier"]
[Black "Guirado Martinez, David"]
[Result "1-0"]
[WhiteElo "1932"]
[BlackElo "1744"]
[PlyCount "101"]
[EventDate "2012.01.20"]
[EventType "swiss"]
[EventRounds "8"]
[EventCountry "ESP"]
[SourceTitle "EXT 2013"]
[Source "ChessBase"]
[SourceDate "2012.11.22"]
[SourceVersion "1"]
[SourceVersionDate "2012.11.22"]
[SourceQuality "1"]

1. e4 c6 2. Nf3 d5 3. exd5 cxd5 4. d4 Bf5 5. Bb5+ Nd7 6. Ne5 Ngf6 7. Bg5 Qa5+ 8. Nc3 a6 9. Bxf6 axb5 10. Nxd7 Bxd7 11. Bg5 Qb4 12. Rb1 Rxa2 13. 0-0 Rxb2 14. Nxd5 Rxb1 15. Qxb1 Qxb1 16. Rxb1 f6 17. Bf4 Kd8 18. Bc7+ Kc8 19. Ra1 Bc6 20. Ra8+ Kd7 21. Rd8+ Ke6 22. Nf4+ Kf5 23. d5 e5 24. dxc6 bxc6 25. Ne2 g6 26. Bd6 Bg7 27. Rxh8 Bxh8 28. f3 Ke6 29. Bc7 Kd5 30. Kf2 f5 31. Ke3 c5 32. g4 Bf6 33. h3 b4 34. f4 e4 35. g5 Be7 36. Be5 Kc6 37. Nc1 c4 38. Kd4 Kb5 39. Kd5 Bc5 40. Bd4 Bxd4 41. Kxd4 b3 42. cxb3 cxb3 43. Nxb3 Kb4 44. Nd2 Kb5 45. Nf1 Kc6 46. Ke5 Kc5 47. Ne3 Kb4 48. Kd4 Kb3 49. Nd5 Kc2 50. Ke3 Kd1 51. Nf6 1-0

[Event "Barcelona La Lira op 30th"]
[Site "Barcelona"]
[Date "2012.01.27"]
[Round "2"]
[White "Grifell Sola, Joan"]
[Black "Burgueno Vigil, Francesc Xavier"]
[Result "1-0"]
[WhiteElo "1916"]
[BlackElo "1932"]
[PlyCount "59"]
[EventDate "2012.01.20"]
[EventType "swiss"]
[EventRounds "8"]
[EventCountry "ESP"]
[SourceTitle "EXT 2013"]
[Source "ChessBase"]
[SourceDate "2012.11.22"]
[SourceVersion "1"]
[SourceVersionDate "2012.11.22"]
[SourceQuality "1"]

1. e4 e5 2. d4 exd4 3. c3 dxc3 4. Nxc3 Bb4 5. Bc4 Qf6 6. Bd2 d6 7. Qa4+ Nc6 8. Bb5 Nge7 9. Qxb4 0-0 10. Bxc6 Nxc6 11. Qa4 Ne5 12. Qc2 b6 13. Nd5 Qh4 14. Nf3 Nxf3+ 15. gxf3 Bh3 16. Rg1 f5 17. 0-0-0 fxe4 18. Bg5 Qh5 19. Nf4 Qxf3 20. Rg3 Rxf4 21. Rxf3 Rxf3 22. Qxe4 Raf8 23. Rd3 Bg2 24. Rxf3 Rxf3 25. Qe1 Rf5 26. Bd2 Bh3 27. Bc3 c5 28. Qe6+ Kf8 29. Qxd6+ Kg8 30. Qd7 1-0

[Event "Barcelona La Lira op 30th"]
[Site "Barcelona"]
[Date "2012.01.20"]
[Round "1"]
[White "Burgueno Vigil, Francesc Xavier"]
[Black "Elias Arguelles, Manuel"]
[Result "1/2-1/2"]
[WhiteElo "1932"]
[BlackElo "1798"]
[PlyCount "71"]
[EventDate "2012.01.20"]
[EventType "swiss"]
[EventRounds "8"]
[EventCountry "ESP"]
[SourceTitle "EXT 2013"]
[Source "ChessBase"]
[SourceDate "2012.11.22"]
[SourceVersion "1"]
[SourceVersionDate "2012.11.22"]
[SourceQuality "1"]

1. e4 c6 2. Nc3 d5 3. exd5 cxd5 4. Bb5+ Nc6 5. d3 e6 6. Nf3 Bd6 7. Qe2 Nge7 8. Ne5 0-0 9. Nxc6 Nxc6 10. Bxc6 bxc6 11. Qg4 e5 12. Qa4 Qc7 13. Bd2 Be6 14. Ne2 a5 15. f4 f6 16. 0-0 Qb6+ 17. d4 e4 18. Be3 f5 19. b3 Bd7 20. c4 Qb4 21. Qxb4 axb4 22. c5 Bc7 23. g3 Ra7 24. Kf2 Rfa8 25. Nc1 Bc8 26. Rd1 Ba6 27. Rd2 Bb5 28. Rb2 Ra3 29. Bd2 Ba5 30. Ne2 Bd3 31. Ke3 Rf8 32. Rg1 Kf7 33. Nc1 Ba6 34. h3 Kf6 35. Ne2 h5 36. h4 1/2-1/2